00425nam a22001457a 450000500170000000800410001702000340005804100130009208200130010510000270011824500440014526000340018930000310022365000250025420231204133112.0231204b |||||||| |||| 00| 0 eng d a978040905236 ; 9780409052367  aEnglish  a349 JOU  aJoubert, WA lEnglish  aThe Law of South Africa / cWA Joubert  aDurban : bLexisNexis, c2012 bxiv, 385 pages ; c26 cm.  aLegal practice bLaw